Informe Comisión Formación Ciudadana

Saved in:
Bibliografiske detaljer
Format: Bog
Sprog:spansk
Udgivet: Santiago Ministerio de Educación 2004
Udgivelse:1a. ed
Serier:Serie Bicentenario
Fag:
Tags: Tilføj Tag
Ingen Tags, Vær først til at tagge denne postø!

MARC

LEADER 00000nam a2200000 a 4500
001 UCJ9092
003 CL-VaPUC
008 070302e20040000CL |||||||||||||||||spa|d
082 0 4 |a 322  |b INF  |2 21 
245 1 0 |a Informe Comisión Formación Ciudadana 
246 1 0 |a Informe de la Comisión convocada por el Sr. Ministro de Educación, Sergio Bitar, para proponer una visión fundada de los nuevos requerimientos de la ciudadanía democrática 
250 |a 1a. ed 
300 |a 91 p 
942 |c BK 
945 |d 20070302 00:00:00  |a cmena 
260 |a Santiago  |b Ministerio de Educación  |c 2004 
650 0 |a Democracia  |9 255256 
650 0 |a Cambio social   |9 256857 
650 0 |a Política gubernamental  |9 262286 
650 0 |a Educación cívica  |9 314665 
650 0 |a Estado y educación   |9 311264 
650 0 |a Iglesia y Estado  |9 254995 
650 0 |a Participación social  |9 256140 
583 |a last modification  |c 20070302 00:00:00  |k Rodrigo Vera 
490 0 |a Serie Bicentenario 
999 |c 324724  |d 324722 
952 |0 0  |1 0  |4 0  |6 322_000000000000000_INF_2004  |7 0  |8 A  |9 405064  |a BIBHIS  |b BIBHIS  |d 2019-11-22  |i 4313968  |o 322 INF 2004  |p 4313968  |r 2025-01-20  |w 2019-11-22  |y BK  |k HIS